The Blantyre House prison affair (Record no. 23404)
[ view plain ]
| 000 -LEADER | |
|---|---|
| fixed length control field | 01539nam a2200361Ia 4500 |
| 082 04 - DEWEY DECIMAL CLASSIFICATION NUMBER | |
| Classification number | 365.94223092 |
| 100 1# - MAIN ENTRY--AUTHOR NAME | |
| Personal name | Murtagh, Tom, |
| 245 14 - TITLE STATEMENT | |
| Title | The Blantyre House prison affair |
| 260 ## - PUBLICATION, DISTRIBUTION, ETC. (IMPRINT) | |
| Place of publication | Sherfield-on-Loddon, UK : |
| Name of publisher | Waterside Press ; |
| Place of publication | Portland, Or. : |
| Name of publisher | North American distributors, International Specialised Book Services, |
| Year of publication | c2007. |
| 300 ## - PHYSICAL DESCRIPTION | |
| Number of Pages | 216 p. : |
| Other physical details | ill. |
| 650 #0 - SUBJECT ADDED ENTRY--TOPICAL TERM | |
| Topical Term | Prison administration |
| Topical Term | Prisons |
| Topical Term | Prisons |
| 856 40 - ELECTRONIC LOCATION AND ACCESS | |
| Uniform Resource Identifier | http://site.ebrary.com/lib/rucke/Doc?id=10696082 |
No items available.
